Представление документа в формате RUSMARC

ПолеНазваниеЗначение
  Тип записи a
  Библиографический уровень m
001 Контрольный номер RU/SLIB/B/208716780
005 Дата корректировки 20201206203931.4
010 Индекс ISBN __
d Цена 0-89
101 Язык документа __
a Язык текста rus
200 Заглавие и сведения об ответственности 0_
a Заглавие Минувшее и близкое
e Сведения, относящиеся к заглавию воспоминания, ст. и очерки
b Общее обозначение материала Текст
210 Выходные данные __
a Место издания Новосибирск
c Издательство Зап.-Сиб. кн. изд-во
d Дата издания 1972
215 Физическое описание __
a Объем 416 с.
600 Персоналии __
a Персоналии (Фамилия) Горький, М.
600 Персоналии __
a Персоналии (Фамилия) Непомнящий В.
600 Персоналии __
a Персоналии (Фамилия) Сибиряков А.
600 Персоналии __
a Персоналии (Фамилия) Чевалков Н.
600 Персоналии __
a Персоналии (Фамилия) Мечишев Я.
600 Персоналии __
a Персоналии (Фамилия) Урманов К.
606 Тематические рубрики __
a Основная рубрика Художественная литература
606 Тематические рубрики __
y Географическая подрубрика Россия; Сибирь; СССР
610 Ключевые слова __
a Ключевые слова советская литература; Творчество; критика; воспоминания; очерки
686 Индексы других классификаций __
a Классификационный индекс 84(2Рос=Рус)6-4
700 Автор _1
a Фамилия Коптелов
b Имя А. Л.
4 Код отношения 070
801 Источник записи _0
a Страна RU
b Организация Муниципальное бюджетное учреждение культуры "Централизованная библиотечная система" г. Сургут (Центральная городская библиотека им. А. С. Пушкина)
g Правила каталогизации К/Пронина
801 Источник записи _1
a Страна RU
b Организация Муниципальное бюджетное учреждение культуры "Централизованная библиотечная система" г. Сургут (Центральная городская библиотека им. А. С. Пушкина)
g Правила каталогизации К/Пронина
852 Данные о местонахождении __
j Шифр хранения 84(2Рос=Рус)6-4
c Каталожный индекс 84(2Рос=Рус)6-4
i Авторский знак К 65
p Инвентарный номер 9117(с)
901 Тип документа __
t Тип документа m
990 Данные о заказе (DOS) __
j Количество экземпляров (DOS) 1